Bantuan studi lengkap SPM citra pintar Sejarah Malaysia

Bibliographic Details
Main Author: Yee Chee Wai
Format: Book
Published: Petaling Jaya : Sasbadi Sdn. Bhd. , 2001
Subjects:

MARC

LEADER 00000cam a2200000 7i4500
001 0000043210
005 20010503.0
020 |a 9835909814 
090 0 0 |a 959.509   |b YEW 
100 0 |a Yee Chee Wai, 
245 1 0 |a Bantuan studi lengkap SPM citra pintar Sejarah Malaysia   |c Yee Chee Wai 
260 |a Petaling Jaya :   |b Sasbadi Sdn. Bhd. ,   |c 2001 
300 |a 294p. ;   |c 26cm. 
650 0 0 |a Malaysia   |x History   |x SPM 
999 |a 102820   |b BUKU   |c RUJUKAN   |e PERPUSTAKAAN KOMUNITI PETALING JAYA 
999 |a 102821   |b BUKU   |c PINJAMAN   |e PERPUSTAKAAN KOMUNITI PETALING JAYA 
999 |a 102822   |b BUKU   |c RUJUKAN   |e PERPUSTAKAAN KOMUNITI PETALING JAYA 
999 |a 102823   |b BUKU   |c PINJAMAN   |e PERPUSTAKAAN KOMUNITI PETALING JAYA 
999 |a 102824   |b BUKU   |c PINJAMAN   |e PERPUSTAKAAN KOMUNITI PETALING JAYA 
999 |a 102825   |b BUKU   |c PINJAMAN   |e PERPUSTAKAAN KOMUNITI PETALING JAYA